00610nam a2200193Ia 450000500170000000800460001703700120006304000200007504100130009508400210010810000260012924500330015526000460018830000150023465000210024994200210027099900210029195201040031220250508151552.0008 250505s9999 xx 000 0 eng d aTextual aFEDLbengcFEDL aeng2eng a155.7, WINqFEDL aWinfield P.H.9691366 0aMental abnormality and crime aLondon, UKbMacmillan and Co. Ltd. c1944 axxiv,316p. aChild Psychology cTEXLh155.7, WIN c1330684d1330684 00104070aFEDLbFEDLd2025-05-08l0o155.7, WINpEL0011490r2025-05-08 15:15:52w2025-05-08yTEXL